Österreicher im Sudan 1820 bis 1914 /

محفوظ في:

المؤلف الرئيسي: Zach, Michael (مؤلف)

التنسيق: كتاب

اللغة: German

منشور في: Wien : Afro-Pub, 1985.

سلاسل: Beiträge zur Afrikanistik ; 24.
Veröffentlichungen der Institute für Afrikanistik und Ägyptologie der Universität Wien ; 34.

الموضوعات:

الوسوم: إضافة وسم

لا توجد وسوم, كن أول من يضع وسما على هذه التسجيلة!

رقم الطلب: DT154.73 .Z3 1985

LEADER 00923namaa2200265 4500
001 24617
003 OSt
005 20250805102647.0
008 130303s1985 au 000 0 ger d
040 |c ARCE Library 
043 |a f-sj---  
050 4 |a DT154.73 .Z3 1985 
100 1 |a Zach, Michael,   |e author  |9 42551 
245 1 0 |a Österreicher im Sudan 1820 bis 1914 /   |c Michael Zach. 
264 1 |a Wien :   |b Afro-Pub,   |c 1985. 
300 |a 199 pages ;   |c 21 cm. 
490 1 |a Beiträge zur Afrikanistik ;   |v 24. 
490 1 |a Veröffentlichungen der Institute für Afrikanistik und Ägyptologie der Universität Wien ;   |v 34. 
651 0 |a Sudan  |x Description and travel. 
651 0 |a Sudan  |x History  |y 1821. 
830 0 |a Beiträge zur Afrikanistik ;   |v 24. 
830 0 |a Veröffentlichungen der Institute für Afrikanistik und Ägyptologie der Universität Wien ;   |v 34. 
901 |a reviewed 
942 |c BK  |2 lcc 
999 |c 22989  |d 22989